000 00751nam a2200289Ia 4500
005 20260324115009.0
008 008 260324s9999 xx 000 0 eng d
020 _a9781003444336
037 _aEBOOK
040 _aCRL
040 _beng
040 _cCRL
041 _2eng
041 _aeng
084 _qCRL
100 _aJamie Washington; D. Scott Tharp; Roger A. Moreano
_91152970
245 0 _aDoing Social Justice Education
245 2 _bA Practitioner's Guide for Workshops and Structured Conversations
260 _bTaylor and Francis
260 _c2020
365 _a
365 _b230
856 _uhttp://www.taylorfrancis.com/books/9781003444336
942 _cEBOOK
999 _c1743504
_d1743504